000 00871nam a2200277 i 4500
003 DO-SdBNP
005 20260319083213.0
007 ta
008 250625s1991 dr 000 p spa d
040 _aDO-SdBNP
_bspa
_cBNPHU
_erda
041 _hsp
082 _axxx
_bB333h,1991
_222
100 1 _aBatista, José D.
_eautor
_4aut.
_91677
245 1 0 _aHa llegado el tiempo de Latinoamerica :
_bparadigma, politica, liderazgo y educación hacia una nueva dimensión politica /
_cJosé D. Batista
264 _aSanto Domingo :
_bEditora Educativa Dominicana,
_c1991
300 _a94 páginas ;
_c22 cm.
336 _atexto
_btxt
_2rdacontent
337 _asin mediación
_bn
_2rdamedia
338 _avolumen
_bnc
_2rdacarrier
490 _aColección conciencia
590 _aInventariado, 2026/ DG
650 _966
650 _967
910 _aDG
942 _2ddc
_cLBS1
999 _c60516
_d60516